000 00450cam a2200181ua 4500
020 _c3.60
041 _aeng
_h
082 _a538
_bBIT/MA
100 _aBitter, Francis .
245 _aMagnets: The education of a physics /
_cFrancis Bitter.
_hTextual Documents
250 _a1 /
_b.
260 _aMelbourne :
_bWilliam Heinemann Ltd ,
_c1959.
300 _a155 ; .
365 _a3.60
504 _a
942 _cBK
999 _c7387
_d7387